[Event "Int SVK-ch Open 2020"]
[Site "Drienica"]
[Date "2020.08.09"]
[Round "3.11"]
[White "Janik, Marek Tobias"]
[Black "Zahradnik, Vladimir"]
[Result "1/2-1/2"]
[WhiteElo "1549"]
[BlackElo "1874"]
[Annotator "NA"]
[PlyCount "114"]
[EventDate "2020.08.07"]
[EventType "swiss"]
[EventCountry "SVK"]
[SourceTitle "playchess.com"]
[Source "ChessBase"]
[SourceQuality "1"]
[TimeControl "40/5400+30:1800+30"]

1. c4 {[%emt 0:00:00]} e5 {[%emt 0:00:06]} 2. Nc3 {[%emt 0:00:00]} Nf6 {[%emt 0:00:51]} 3. g3 {[%emt 0:00:00]} d5 {[%emt 0:00:51]} 4. cxd5 {[%emt 0:00:09]} Nxd5 {[%emt 0:00:08]} 5. Bg2 {[%emt 0:00:04]} Nb6 {[%emt 0:00:32]} 6. Nf3 {[%emt 0:00:23]} Nc6 {[%emt 0:00:28]} 7. a3 {[%emt 0:04:59]} a5 {[%emt 0:02:28] A29: English Opening: Four Knights Variation with 4 g3.} 8. d3 {[%emt 0:01:13]} Be7 {[%emt 0:00:13]} 9. Be3 {[%emt 0:03:37]} Be6 {[%emt 0:02:07]} 10. Rc1 {[%emt 0:02:36] [#]} f6 $146 {[%emt 0:04:12]} ({Predecessor:} 10... Nd5 11. Nxd5 Bxd5 12. Qa4 O-O 13. O-O Re8 14. Rfe1 {½-½ (14) Lorens Ristovic,L (2078)-Jovanovic,Z (2169) Belgrade 2019}) 11. Ne4 {[%emt 0:03:43]} Nd7 {[%emt 0:01:56]} 12. Nc5 {[%emt 0:02:02]} Nxc5 {[%emt 0:00:46]} 13. Bxc5 {[%emt 0:00:06]} a4 {[%emt 0:02:56]} 14. d4 {[%emt 0:10:20]} e4 {[%emt 0:04:29]} 15. Ng1 {[%emt 0:04:06]} f5 {[%emt 0:00:37]} 16. e3 {[%emt 0:00:07]} O-O {[%emt 0:00:25]} 17. Bxe7 {[%emt 0:00:33]} Nxe7 {[%emt 0:00:00]} 18. Ne2 {[%emt 0:00:00]} Bb3 {[%emt 0:00:14]} 19. Qd2 {[%emt 0:00:00]} Nd5 {[%emt 0:00:15]} 20. O-O {[%emt 0:02:09]} c6 {[%emt 0:02:36]} 21. Nf4 {[%emt 0:05:17]} Nf6 {[%emt 0:05:34]} 22. Rc3 {[%emt 0:06:55]} Qe8 {[%emt 0:02:47]} 23. Re1 {[%emt 0:08:59]} g5 {[%emt 0:00:30]} 24. Ne2 {[%emt 0:02:28]} Bd5 {[%emt 0:04:34]} 25. Rcc1 {[%emt 0:00:39]} Qe6 {[%emt 0:00:41]} 26. Nc3 {[%emt 0:02:12]} Bb3 {[%emt 0:00:41]} 27. f4 {[%emt 0:04:01]} gxf4 {[%emt 0:03:31]} 28. gxf4 {[%emt 0:00:09]} Kh8 {[%emt 0:02:21]} 29. Kh1 {[%emt 0:02:00]} Rg8 {[%emt 0:01:14]} 30. Rg1 {[%emt 0:02:58]} Rg6 {[%emt 0:02:25]} 31. Bh3 {[%emt 0:02:56]} Rag8 {[%emt 0:02:20]} 32. Qf2 {[%emt 0:00:18]} Ng4 {[%emt 0:01:12]} 33. Bxg4 {[%emt 0:00:06]} Rxg4 {[%emt 0:00:10]} 34. Rxg4 {[%emt 0:01:51]} Rxg4 {[%emt 0:00:08]} 35. Rg1 {[%emt 0:00:05]} Rxg1+ {[%emt 0:10:41]} 36. Kxg1 {[%emt 0:01:44]} b5 {[%emt 0:00:24]} 37. Qh4 {[%emt 0:01:50]} h6 {[%emt 0:02:50]} 38. Kf2 {[%emt 0:01:43]} Bc4 {[%emt 0:01:12]} 39. Qg3 {[%emt 0:09:48]} Qf6 {[%emt 0:02:52]} 40. Ke1 {[%emt 0:02:56]} Bf7 {[%emt 0:00:49]} 41. Kd2 {[%emt 0:35:00]} Qe7 {[%emt 0:32:54]} 42. Qh3 {[%emt 0:01:37]} Qf6 {[%emt 0:00:10]} 43. Qg3 {[%emt 0:00:32]} Kh7 {[%emt 0:00:28]} 44. Qh3 {[%emt 0:02:46]} Kg7 {[%emt 0:00:22]} 45. Qg2+ {[%emt 0:02:26]} Kf8 {[%emt 0:00:29]} 46. Qg3 {[%emt 0:01:18]} Ke7 {[%emt 0:01:46]} 47. Qg2 {[%emt 0:01:24]} Kd7 {[%emt 0:01:16]} 48. Qf1 {[%emt 0:00:00]} Bc4 {[%emt 0:00:00]} 49. Qh3 {[%emt 0:00:00]} Kd6 {[%emt 0:00:00]} 50. Qh5 {[%emt 0:00:00]} Kd7 {[%emt 0:00:00]} 51. Qh3 {[%emt 0:00:00]} Kc7 {[%emt 0:00:00]} 52. Qh5 {[%emt 0:00:00]} Bf7 {[%emt 0:00:00]} 53. Qh3 {[%emt 0:00:00]} Kb6 {[%emt 0:00:00]} 54. Qf1 {[%emt 0:00:00]} Bc4 {[%emt 0:00:00]} 55. Qc1 {[%emt 0:00:00]} Ka5 {[%emt 0:00:00]} 56. Qg1 {[%emt 0:01:31]} Bd3 {[%emt 0:00:00]} 57. Qg8 $11 {[%emt 0:00:26]} Bc4 1/2-1/2

[Event "Int SVK-ch Open 2020"]
[Site "Drienica"]
[Date "2020.08.09"]
[Round "3.12"]
[White "Mrvova, Alena"]
[Black "Sedlakova, Ivana"]
[Result "1-0"]
[WhiteElo "2188"]
[BlackElo "1983"]
[Annotator "TA"]
[PlyCount "107"]
[EventDate "2020.08.07"]
[EventType "swiss"]
[EventCountry "SVK"]
[SourceTitle "playchess.com"]
[Source "ChessBase"]
[SourceQuality "1"]

{[%evp 22,107,22,7,26,29,25,37,41,25,16,9,27,0,0,0,21,0,0,0,22,-22,20,-22,113,14,11,11,2,8,58,20,28,2,10,0,16,14,35,26,22,0,0,0,28,0,94,60,57,5,140,66,311,195,589,214,213,191,208,209,198,51,43,0,0,0,79,67,273,220,365,164,196,195,189,189,593,242,266,254,191,107,153,131,777,720,1532,591]} 1. e4 c6 2. d4 d5 3. Nc3 dxe4 4. Nxe4 Bf5 5. Ng3 Bg6 6. h4 h6 7. Nf3 Nd7 8. Bd3 Bxd3 9. Qxd3 e6 10. Bd2 Ngf6 11. O-O-O Qc7 12. Ne4 Nxe4 {B19: Classical Caro-Kann: 4...Bf5 main line.} 13. Qxe4 Nf6 14. Qe2 O-O-O {White is slightly better.} 15. c4 c5 16. Bc3 Qf4+ 17. Bd2 Qc7 18. Be3 Bd6 19. Kb1 {[#]} Rhe8 $146 ({Predecessor:} 19... cxd4 20. Bxd4 Bc5 21. Bxc5 Qxc5 22. Ne5 Nd7 23. Nxd7 Rxd7 24. Rxd7 Kxd7 25. Rd1+ Ke7 26. Qd2 Rc8 {½-½ (24) Reis,H-Neher,M Germany 1996}) 20. g3 a6 21. Bc1 Nd7 22. Qc2 Nb6 (22... cxd4 $11 23. Nxd4 Nf6) 23. b3 (23. b4 $1 $16) 23... cxd4 24. Nxd4 Bc5 25. Bb2 e5 26. Ne2 f6 27. a3 Kb8 28. f3 Rxd1+ (28... Qc6 {is more complex.} 29. Rhf1 Rxd1+ 30. Qxd1 Nc8 31. g4 Nd6) 29. Rxd1 Rd8 30. Rxd8+ Qxd8 31. f4 exf4 32. Nxf4 Qe8 33. Qf5 Bf8 (33... Bf2 $11) 34. Ne6 {Black must now prevent c5.} Nc8 35. Bc1 (35. g4 $14) 35... Ka7 (35... Bd6 $11) 36. Qd5 (36. Be3+ $16 b6 37. Qd5) 36... g6 $2 (36... Bd6 $14) 37. Be3+ b6 $2 (37... Kb8 38. Bf4+ Ka7 39. Qd4+ {[%mdl 64] Double Attack} b6) 38. Nd8 $2 (38. Nc7 {[%csl Gc7][%cal Rd5a8]} Ne7 39. Nxe8 Nxd5 40. cxd5) 38... Nd6 $18 39. Nc6+ Kb7 40. Nb4+ $1 Ka7 41. Nc2 $40 {[%mdl 128] White has some attack.} (41. Bxh6 $1 $18 Bxh6 42. Qxd6) 41... Ne4 $14 42. Qd3 h5 43. b4 g5 {[#]} (43... Bd6 $11 {keeps the balance.}) 44. a4 $1 $16 {[%cal Ba3a4,Ba4a5][%mdl 544] Hoping for a5.} Bd6 $2 (44... Kb7 $14) (44... Qxa4 45. Qxe4) 45. a5 Bc7 (45... Bxg3 $142 46. axb6+ Kb8) 46. Nd4 (46. axb6+ $142 Bxb6 47. c5 Bxc5 48. bxc5 Qb5+ 49. Qxb5 axb5 50. g4 $1 {[%mdl 512]}) 46... Kb8 47. axb6 Bxb6 48. c5 Ba7 $2 (48... Bxc5 {is more resistant.} 49. bxc5 Nxc5) 49. Nc2 (49. Qxa6 $142 {And now Nc6+ would win.} Nc3+ {[%mdl 64] Discovered Attack} 50. Kc2 Qe4+ 51. Kxc3 Qxe3+ 52. Kc4 Bxc5 53. bxc5 Qc1+ 54. Kd5) 49... a5 50. bxa5 {Threatens to win with Nb4.} ({Not} 50. c6 Bxe3 51. Qb5+ Kc7 $14) 50... Kc7 51. Nb4 ({Better is} 51. hxg5 $18 {Strongly threatening Bf4+.} fxg5 52. Qc4) 51... Bxc5 {[#]} 52. Qc4 $1 Qd7 $2 {[%mdl 8192]} (52... Qe5 $16) 53. Na6+ $18 {[%mdl 64] Double Attack} Kd6 54. Bxc5+ {Accuracy: White = 42%, Black = 46%.} (54. Qd3+ $142 Bd4 55. Qxd4+ Ke7 56. Qxe4+ Kf8 57. hxg5 fxg5 58. Nc5 Qd1+ 59. Kb2 Qe2+ 60. Ka3) 1-0

[Event "Int SVK-ch Open 2020"]
[Site "Drienica"]
[Date "2020.08.09"]
[Round "3.12"]
[White "Sevcikova, Lucia"]
[Black "Ivanecka, Natalia"]
[Result "1-0"]
[WhiteElo "2017"]
[BlackElo "1641"]
[Annotator "ChessBase"]
[PlyCount "103"]
[EventDate "2020.08.07"]
[EventType "swiss"]
[EventCountry "SVK"]
[SourceTitle "playchess.com"]
[Source "ChessBase"]
[SourceQuality "1"]
[TimeControl "40/5400+30:1800+30"]

1. e4 e5 2. Nf3 Nc6 3. Bc4 Nf6 4. Ng5 d5 5. exd5 Nd4 6. c3 b5 7. Bf1 Nxd5 8. cxd4 Qxg5 9. Bxb5+ Bd7 10. Bxd7+ Kxd7 11. O-O Nf4 12. Qf3 Bd6 13. dxe5 Qxe5 14. g3 Ne2+ 15. Kh1 f5 16. Nc3 Nd4 17. Qd5 g5 18. Qxe5 Bxe5 19. f4 gxf4 20. gxf4 Bd6 21. d3 Rhg8 22. Bd2 Rg4 23. Rae1 Rag8 24. Nd5 R8g6 25. Bc3 c5 26. Ne3 Rxf4 27. Rxf4 Bxf4 28. Bxd4 cxd4 29. Nxf5 Ra6 30. a3 Ra4 31. Re7+ Kc6 32. Re4 Bc1 33. Nxd4+ Kb6 34. Re6+ Kc7 35. Rc6+ Kd7 36. Rxc1 Rxd4 37. Rc3 Kd6 38. Kg2 Rf4 39. Rc4 Rf7 40. h3 Kd5 41. b4 h6 42. Kg3 Rf1 43. Rc7 Rd1 44. Rxa7 Rxd3+ 45. Kg4 Kc4 46. Ra6 h5+ 47. Kh4 Kb5 48. Ra5+ Kc4 49. b5 Rd5 50. a4 Kb4 51. Ra6 Re5 52. b6 1-0

[Event "Int SVK-ch Open 2020"]
[Site "Drienica"]
[Date "2020.08.09"]
[Round "3.13"]
[White "Bombek, Peter"]
[Black "Tomcik, Milan"]
[Result "1-0"]
[WhiteElo "2181"]
[BlackElo "1963"]
[Annotator "ChessBase"]
[PlyCount "101"]
[EventDate "2020.08.07"]
[EventType "swiss"]
[EventCountry "SVK"]
[SourceTitle "playchess.com"]
[Source "ChessBase"]
[SourceQuality "1"]
[TimeControl "40/5400+30:1800+30"]

1. d4 {[%emt 0:00:00]} Nf6 {[%emt 0:00:00]} 2. Nf3 {[%emt 0:00:00]} g6 {[%emt 0:00:00]} 3. g3 {[%emt 0:00:06]} Bg7 {[%emt 0:00:00]} 4. Bg2 {[%emt 0:00:05]} O-O {[%emt 0:00:08]} 5. O-O {[%emt 0:00:02]} d6 {[%emt 0:00:10]} 6. a4 {[%emt 0:00:07]} a5 {[%emt 0:00:20]} 7. b3 {[%emt 0:00:35]} Na6 {[%emt 0:00:43]} 8. Nbd2 {[%emt 0:01:02]} d5 {[%emt 0:09:10]} 9. Ba3 {[%emt 0:05:24]} c6 {[%emt 0:03:33]} 10. Re1 {[%emt 0:01:55]} Ne4 {[%emt 0:00:45]} 11. Nxe4 {[%emt 0:02:54]} dxe4 {[%emt 0:00:09]} 12. Ne5 {[%emt 0:00:46]} f6 {[%emt 0:09:04]} 13. Nc4 {[%emt 0:04:00]} f5 {[%emt 0:00:34]} 14. e3 {[%emt 0:00:56]} b5 {[%emt 0:07:55]} 15. axb5 {[%emt 0:04:46]} cxb5 {[%emt 0:00:06]} 16. Nxa5 {[%emt 0:00:19]} Qxa5 {[%emt 0:12:52]} 17. Bxe7 {[%emt 0:00:46]} Qc3 {[%emt 0:00:13]} 18. Bxf8 {[%emt 0:01:20]} Bxf8 {[%emt 0:00:33]} 19. Ra2 {[%emt 0:02:12]} Bb4 {[%emt 0:06:07]} 20. Rf1 {[%emt 0:01:24]} Rb8 {[%emt 0:00:19]} 21. Qa1 {[%emt 0:02:14]} Rb6 {[%emt 0:10:07]} 22. Qxc3 {[%emt 0:03:28]} Bxc3 {[%emt 0:00:05]} 23. f3 {[%emt 0:00:46]} exf3 {[%emt 0:01:34]} 24. Bxf3 {[%emt 0:00:25]} Kg7 {[%emt 0:00:38]} 25. Rd1 {[%emt 0:05:38]} Kf6 {[%emt 0:03:06]} 26. Rd3 {[%emt 0:01:31]} b4 {[%emt 0:01:43]} 27. Kf2 {[%emt 0:06:22]} h6 {[%emt 0:00:19]} 28. h4 {[%emt 0:01:03]} Bd7 {[%emt 0:02:43]} 29. Rd1 {[%emt 0:04:12]} Bc8 {[%emt 0:00:26]} 30. Ra5 {[%emt 0:00:59]} Rd6 {[%emt 0:05:26]} 31. Be2 {[%emt 0:05:50]} Ke7 {[%emt 0:02:34]} 32. h5 {[%emt 0:03:35]} g5 {[%emt 0:02:22]} 33. Re5+ {[%emt 0:09:27]} Kf6 {[%emt 0:04:47]} 34. Re8 {[%emt 0:00:57]} Be6 {[%emt 0:01:23]} 35. Rh8 {[%emt 0:02:07]} Kg7 {[%emt 0:01:56]} 36. Ra8 {[%emt 0:01:59]} Nc7 {[%emt 0:02:16]} 37. Ra7 {[%emt 0:00:32]} Rd7 {[%emt 0:03:16]} 38. d5 {[%emt 0:02:32]} Nxd5 {[%emt 0:02:05]} 39. Rxd7+ {[%emt 0:00:41]} Bxd7 {[%emt 0:00:07]} 40. Rxd5 {[%emt 0:00:12]} Be6 {[%emt 0:00:15]} 41. Rd6 {[%emt 0:30:59]} Bf7 {[%emt 0:30:21]} 42. Bd3 {[%emt 0:04:28]} f4 {[%emt 0:05:16]} 43. exf4 {[%emt 0:05:22]} gxf4 {[%emt 0:00:13]} 44. g4 {[%emt 0:03:10]} Be5 {[%emt 0:00:52]} 45. Rd7 {[%emt 0:00:22]} Kf6 {[%emt 0:00:43]} 46. Kf3 {[%emt 0:01:38]} Be6 {[%emt 0:03:13]} 47. Ra7 {[%emt 0:03:47]} Bd6 {[%emt 0:00:00]} 48. Ra5 {[%emt 0:00:00]} Bd7 {[%emt 0:00:00]} 49. Ra6 {[%emt 0:00:00]} Ke5 {[%emt 0:00:00]} 50. Rxd6 {[%emt 0:00:00]} Kxd6 {[%emt 0:00:00]} 51. Kxf4 {[%emt 0:00:00]} 1-0

[Event "Int SVK-ch Open 2020"]
[Site "Drienica"]
[Date "2020.08.09"]
[Round "3.13"]
[White "Bakalar, Jan"]
[Black "Furman, Maximilian Jan"]
[Result "1/2-1/2"]
[WhiteElo "1896"]
[BlackElo "1598"]
[Annotator "NA"]
[PlyCount "74"]
[EventDate "2020.08.07"]
[EventType "swiss"]
[EventCountry "SVK"]
[SourceTitle "playchess.com"]
[Source "ChessBase"]
[SourceQuality "1"]
[TimeControl "40/5400+30:1800+30"]

1. g3 {[%emt 0:04:36]} Nf6 {[%emt 0:00:39]} 2. Bg2 {[%emt 0:00:07]} d5 {[%emt 0:00:14]} 3. Nf3 {[%emt 0:00:29]} e6 {[%emt 0:00:54]} 4. d4 {[%emt 0:00:49]} Bd6 {[%emt 0:00:36]} 5. O-O {[%emt 0:00:20]} Nbd7 {[%emt 0:00:21]} 6. b3 {[%emt 0:02:22]} O-O {[%emt 0:00:50] D02: 1 d4 d5 2 Nf3 sidelines, including 2...Nf6 3 g3 and 2...Nf6 3 Bf4.} 7. Bb2 {[%emt 0:00:36]} c6 {[%emt 0:01:01]} 8. Ne5 {[%emt 0:00:38]} Qc7 {[%emt 0:01:51] [#]} 9. f4 $146 {[%emt 0:00:13]} ({Predecessor:} 9. Nxd7 Bxd7 10. Nd2 e5 11. dxe5 Bxe5 12. Bxe5 Qxe5 13. c4 Rfe8 14. Re1 Rad8 15. Nf3 {0-1 (51) Ocytko,M (1337)-Chmielecka,A (1569) Bialystok 2011}) 9... Ne8 {[%emt 0:01:08]} 10. Nd2 {[%emt 0:04:40]} f6 {[%emt 0:05:34]} 11. Nxd7 {[%emt 0:01:08]} Bxd7 {[%emt 0:00:20]} 12. e4 {[%emt 0:00:05]} dxe4 {[%emt 0:15:11]} 13. Nxe4 {[%emt 0:00:31]} Be7 {[%emt 0:00:58]} 14. c4 {[%emt 0:00:30]} Nd6 {[%emt 0:06:05]} 15. Qe2 {[%emt 0:04:35]} Nxe4 {[%emt 0:05:11]} 16. Bxe4 {[%emt 0:03:46]} Rfe8 {[%emt 0:01:54]} 17. Qc2 {[%emt 0:02:52]} f5 {[%emt 0:02:37]} 18. Bg2 {[%emt 0:00:47]} Rad8 {[%emt 0:01:35]} 19. Rad1 {[%emt 0:02:17]} Bf6 {[%emt 0:02:02]} 20. c5 {[%emt 0:07:19]} Re7 {[%emt 0:04:06]} 21. Rfe1 {[%emt 0:03:11]} Be8 {[%emt 0:07:29]} 22. Bf3 {[%emt 0:02:48]} Bf7 {[%emt 0:05:54]} 23. b4 {[%emt 0:00:41]} a6 {[%emt 0:07:50]} 24. a4 {[%emt 0:04:33]} Be8 {[%emt 0:01:25]} 25. Be2 {[%emt 0:02:06]} Red7 {[%emt 0:02:52]} 26. Bc4 {[%emt 0:03:50]} Bf7 {[%emt 0:00:58]} 27. Bxe6 {[%emt 0:03:01]} Bxe6 {[%emt 0:00:09]} 28. Rxe6 {[%emt 0:00:15]} Bxd4+ {[%emt 0:00:05]} 29. Rxd4 {[%emt 0:01:46]} Rxd4 {[%emt 0:00:12]} 30. Bxd4 {[%emt 0:00:05]} Rxd4 {[%emt 0:00:05]} 31. Qxf5 {[%emt 0:01:06]} Qd7 {[%emt 0:04:06]} 32. Qe5 {[%emt 0:00:44]} Rd1+ {[%emt 0:04:18]} 33. Kg2 {[%emt 0:02:16]} Rd2+ {[%emt 0:00:15]} 34. Kf3 $2 {[%emt 0:08:11]} (34. Kh3 $11) 34... Qd3+ {[%emt 0:06:56]} 35. Kg4 {[%emt 0:01:51]} Qd7 {[%emt 0:00:38] [#]} 36. Kf3 $2 {[%emt 0:08:20]} (36. f5 $1 $16 {is necessary to keep the advantage.}) 36... Qd3+ {[%emt 0:00:10]} 37. Kg4 {[%emt 0:00:09]} Qd7 $16 {[%emt 0:00:06]} 1/2-1/2

[Event "Int SVK-ch Open 2020"]
[Site "Drienica"]
[Date "2020.08.09"]
[Round "3.14"]
[White "Demeter, Peter"]
[Black "Dujava, Daniel"]
[Result "0-1"]
[WhiteElo "2139"]
[BlackElo "2111"]
[Annotator "RC"]
[PlyCount "92"]
[EventDate "2020.08.07"]
[EventType "swiss"]
[EventCountry "SVK"]
[SourceTitle "playchess.com"]
[Source "ChessBase"]
[SourceQuality "1"]
[TimeControl "40/5400+30:1800+30"]

1. c4 {[%emt 0:00:00]} c6 {[%emt 0:00:00]} 2. g3 {[%emt 0:01:06]} d5 {[%emt 0:00:10]} 3. Bg2 {[%emt 0:00:05]} Nf6 {[%emt 0:00:24]} 4. Nf3 {[%emt 0:00:06]} e6 {[%emt 0:02:30]} 5. O-O {[%emt 0:00:25]} Be7 {[%emt 0:04:39]} 6. Qc2 {[%emt 0:04:06]} O-O {[%emt 0:04:00]} 7. b3 {[%emt 0:14:19]} Ne4 {[%emt 0:06:16]} 8. Bb2 {[%emt 0:00:30]} Bf6 {[%emt 0:02:47]} 9. d4 {[%emt 0:00:19]} Re8 {[%emt 0:13:50]} 10. Rd1 {[%emt 0:05:23]} a5 {[%emt 0:06:44]} 11. Ne5 {[%emt 0:04:43]} Nd6 {[%emt 0:01:34]} 12. c5 {[%emt 0:09:29]} Nf5 {[%emt 0:02:01]} 13. Nd2 {[%emt 0:02:14]} g6 {[%emt 0:04:32]} 14. e4 {[%emt 0:04:30]} Nh6 {[%emt 0:01:46]} 15. Ndf3 {[%emt 0:02:56]} Bg7 {[%emt 0:01:00]} 16. Nd2 {[%emt 0:18:02]} Na6 {[%emt 0:07:09]} 17. a3 {[%emt 0:02:46]} Nc7 {[%emt 0:00:42]} 18. h3 {[%emt 0:00:30]} f6 {[%emt 0:01:33]} 19. Nef3 {[%emt 0:00:22]} Nf7 {[%emt 0:06:43]} 20. e5 {[%emt 0:05:30]} fxe5 {[%emt 0:04:01]} 21. Nxe5 {[%emt 0:00:49]} Nxe5 {[%emt 0:00:36]} 22. dxe5 {[%emt 0:00:07]} Qe7 {[%emt 0:00:43]} 23. Nf3 {[%emt 0:01:42]} Na6 {[%emt 0:01:44]} 24. Bd4 {[%emt 0:09:03]} Bd7 {[%emt 0:13:34]} 25. Rac1 {[%emt 0:00:30]} Nc7 {[%emt 0:00:30]} 26. Be3 {[%emt 0:00:30]} Qf7 {[%emt 0:00:30]} 27. Bf4 {[%emt 0:00:30]} Qf5 {[%emt 0:00:30]} 28. Qd2 {[%emt 0:00:30]} Nb5 {[%emt 0:00:30]} 29. a4 {[%emt 0:01:17]} Nc7 {[%emt 0:00:21]} 30. h4 {[%emt 0:00:30]} Reb8 {[%emt 0:01:32]} 31. Rc3 {[%emt 0:04:06]} Bf8 {[%emt 0:04:34]} 32. Ng5 {[%emt 0:01:04]} Be7 {[%emt 0:02:30]} 33. Ne4 {[%emt 0:01:03]} dxe4 {[%emt 0:04:15]} 34. Qxd7 {[%emt 0:00:30]} Rd8 {[%emt 0:01:01]} 35. Qxc7 {[%emt 0:00:12]} Rxd1+ {[%emt 0:00:04]} 36. Kh2 {[%emt 0:00:09]} Qf7 {[%emt 0:00:51]} 37. Qxb7 {[%emt 0:00:14]} Rdd8 {[%emt 0:00:31]} 38. Qxc6 {[%emt 0:00:44]} Rac8 {[%emt 0:00:29]} 39. Qb6 {[%emt 0:01:10]} Bxh4 {[%emt 0:00:43]} 40. Bxe4 {[%emt 0:01:37]} Be7 {[%emt 0:00:36]} 41. Be3 {[%emt 0:07:44]} g5 {[%emt 0:05:35]} 42. Kg2 {[%emt 0:00:49]} Rd1 {[%emt 0:05:28]} 43. g4 {[%emt 0:01:42]} Bd8 {[%emt 0:08:53]} 44. Qa6 {[%emt 0:03:05]} Rc7 {[%emt 0:00:29]} 45. Qxa5 {[%emt 0:09:25]} Qg7 {[%emt 0:01:00]} 46. Qa8 {[%emt 0:00:31]} Qh6 {[%emt 0:02:19]} 0-1

[Event "Int SVK-ch Open 2020"]
[Site "Drienica"]
[Date "2020.08.09"]
[Round "3.14"]
[White "Geffert, Peter"]
[Black "Lehocz, Jozsef Jr."]
[Result "1/2-1/2"]
[WhiteElo "1857"]
[BlackElo "1534"]
[Annotator "NA"]
[PlyCount "137"]
[EventDate "2020.08.07"]
[EventType "swiss"]
[EventCountry "SVK"]
[SourceTitle "playchess.com"]
[Source "ChessBase"]
[SourceQuality "1"]
[TimeControl "40/5400+30:1800+30"]

{[%evp 19,130,20,32767,32767,32767,32767,32767,32767,32767,32767,32767,32767,32767,32767,32767,32767,32767,32767,32767,32767,32767,32767,32767,32767,32767,32767,32767,32767,32767,32767,32767,32767,32767,32767,104,32767,32767,32767,32767,32767,32767,32767,129,116,139,118,32767,117,32767,32767,32767,32767,32767,112,32767,0,32767,0,100,85,92,0,75,69,73,72,83,62,64,65,55,57,54,43,32767,32767,32767,0,7,0,8,0,0,0,0,0,0,0,25,29,35,8,25,29,35,33,33,34,35,3,13,0,8,0,0,0,0,0,0,0,0,0,0]} 1. e4 {[%emt 0:00:00]} c5 {[%emt 0:00:00]} 2. Nf3 {[%emt 0:00:00]} d6 {[%emt 0:01:21]} 3. d4 {[%emt 0:00:00]} cxd4 {[%emt 0:00:01]} 4. Nxd4 {[%emt 0:00:00]} Nf6 {[%emt 0:00:19]} 5. Nc3 {[%emt 0:00:00]} Nc6 {[%emt 0:00:08]} 6. Be3 {[%emt 0:02:37]} Ng4 {[%emt 0:00:25]} 7. Nxc6 {[%emt 0:03:50] B56: Classical Sicilian: Unusual Lines.} Nxe3 {[%emt 0:02:03]} 8. Nxd8 {[%emt 0:01:58]} Nxd1 {[%emt 0:00:10]} 9. Rxd1 {[%emt 0:00:37]} Kxd8 {[%emt 0:00:20]} 10. e5 {[%emt 0:01:00]} Bf5 {[%emt 0:07:02]} 11. Bd3 {[%emt 0:01:11]} Bxd3 {[%emt 0:05:34]} 12. Rxd3 {[%emt 0:00:07]} Rc8 {[%emt 0:01:43] [#]} 13. O-O $146 {[%emt 0:04:47]} ({Predecessor:} 13. exd6 exd6 14. Kd2 Kd7 15. Rf3 f6 16. Re1 Rc5 17. Rfe3 Re5 18. f4 Rxe3 19. Rxe3 {½-½ (28) Garaeva,G-Sudakova,I (2213) St Petersburg 2000}) 13... Kc7 {[%emt 0:17:16]} 14. exd6+ {[%emt 0:02:15]} exd6 {[%emt 0:00:40]} 15. Rfd1 {[%emt 0:00:20]} a6 {[%emt 0:04:33]} 16. Ne4 {[%emt 0:08:43]} Rd8 {[%emt 0:00:30]} 17. Ng5 {[%emt 0:03:07]} Rd7 {[%emt 0:00:41]} 18. Rc3+ {[%emt 0:01:56]} Kb8 {[%emt 0:00:52]} 19. Rf3 {[%emt 0:00:15]} f6 {[%emt 0:04:35]} 20. Ne6 {[%emt 0:01:58]} Re7 {[%emt 0:05:12]} 21. Re3 {[%emt 0:07:18]} g6 {[%emt 0:01:45]} 22. Rxd6 {[%emt 0:11:15]} Bh6 {[%emt 0:00:38]} 23. Re2 {[%emt 0:00:10]} Rhe8 {[%emt 0:00:25]} 24. Kf1 {[%emt 0:01:10]} Bc1 {[%emt 0:00:26]} 25. b3 {[%emt 0:00:21]} Kc8 {[%emt 0:04:53]} 26. Nd4 {[%emt 0:02:47]} Bb2 {[%emt 0:04:08]} 27. Rxe7 {[%emt 0:04:16]} Rxe7 {[%emt 0:00:05]} 28. Nf3 {[%emt 0:00:41]} g5 {[%emt 0:01:13]} 29. Rd3 {[%emt 0:04:56]} Rc7 {[%emt 0:00:55]} 30. c4 {[%emt 0:00:22]} g4 {[%emt 0:00:31]} 31. Nd2 {[%emt 0:03:39]} f5 {[%emt 0:07:55]} 32. h3 {[%emt 0:03:47]} Re7 {[%emt 0:01:59]} 33. hxg4 {[%emt 0:01:36]} fxg4 {[%emt 0:00:06]} 34. Re3 {[%emt 0:00:10]} Rd7 {[%emt 0:02:32]} 35. Ke2 {[%emt 0:03:04]} Bc1 {[%emt 0:09:46]} 36. Rd3 {[%emt 0:02:57]} Re7+ {[%emt 0:03:16]} 37. Re3 {[%emt 0:02:11]} Rf7 {[%emt 0:01:21]} 38. Rd3 {[%emt 0:02:58]} (38. Ne4 $16 Rf4 39. Nd6+ Kc7 40. Rd3) 38... Re7+ {[%emt 0:00:10] [#]} 39. Kd1 $1 {[%emt 0:00:14]} Ba3 {[%emt 0:01:25]} 40. Re3 {[%emt 0:00:40]} ({White should play} 40. Nf1 $16) 40... Rf7 {[%emt 0:00:27]} (40... Rxe3 $11 41. fxe3 Kd7) 41. f3 {[%emt 0:31:18]} gxf3 {[%emt 0:30:33]} 42. Rxf3 {[%emt 0:01:58]} Rg7 {[%emt 0:00:14]} 43. Rf2 {[%emt 0:01:28]} Bc5 {[%emt 0:00:03]} 44. Re2 {[%emt 0:00:14]} Kc7 {[%emt 0:00:48]} 45. Ne4 {[%emt 0:02:01]} Kc6 {[%emt 0:02:23]} 46. Nxc5 {[%emt 0:03:56]} Kxc5 {[%emt 0:00:01]} 47. a3 {[%emt 0:01:27]} a5 {[%emt 0:00:23]} 48. Re5+ {[%emt 0:04:15]} Kb6 {[%emt 0:02:38]} 49. Re2 {[%emt 0:07:54]} Kc5 {[%emt 0:00:13]} 50. Re5+ {[%emt 0:00:00]} Kb6 {[%emt 0:00:00]} 51. Rb5+ {[%emt 0:00:00]} Ka6 $1 {[%emt 0:00:00]} 52. Rh5 {[%emt 0:00:00]} Rxg2 {[%emt 0:00:00]} 53. Rxh7 {[%emt 0:00:00]} Rb2 {[%emt 0:00:00]} 54. Rh3 {[%emt 0:00:00]} Ra2 {[%emt 0:00:00]} 55. Kc1 {[%emt 0:00:00]} Kb6 {[%emt 0:00:00]} 56. Rd3 {[%emt 0:00:00]} a4 {[%emt 0:00:00]} 57. b4 {[%emt 0:00:00]} Kc6 {[%emt 0:00:00]} 58. Kb1 {[%emt 0:00:00]} Rh2 {[%emt 0:00:00]} 59. Rd5 {[%emt 0:00:00]} b6 {[%emt 0:00:00]} 60. Rd4 {[%emt 0:00:00]} Rg2 {[%emt 0:00:00]} 61. Rd5 {[%emt 0:00:00]} Rg4 {[%emt 0:00:00]} 62. b5+ {[%emt 0:00:00]} Kc7 {[%emt 0:00:00]} 63. c5 {[%emt 0:00:00]} bxc5 {[%emt 0:00:00]} 64. Rxc5+ {[%emt 0:00:00]} Kb6 {[%emt 0:00:00]} 65. Rf5 $11 {[%emt 0:00:00]} Rg3 {[%emt 0:00:00]} 66. Ka2 {[%emt 0:00:00]} Rb3 {[%emt 0:00:00]} 67. Re5 {[%emt 0:00:00]} Rxb5 {[%emt 0:00:00]} 68. Rxb5+ {[%emt 0:00:00]} Kxb5 {[%emt 0:00:00]} 69. Kb2 {[%emt 0:00:00]} 1/2-1/2